000 00406nam a2200169Ia 4500
005 20250423100333.0
008 250422s9999 xx 000 0 und d
020 _a07941196
050 _aKP 42 .N5.F9/
100 _aFawehinmi, Gani
245 0 _aNigeria weekly Law report[N.W.L.R]
260 _aLagos
260 _bNigerian Law Publication.
260 _cJuly2017
300 _a172 p
942 _cBK
999 _c32999
_d32999